000 00757nam a2200229Ia 4500
003 OSt
005 20220714150447.0
008 210716s2014 xx 000 0 und d
020 _a9788126550913
040 _cAIMIT LIBRARY
041 _aeng
082 _a005.768
_21
_bHOLK
100 _aHoldaway, Keith R.
_949457
245 _aHarness oil and gas big data with analytics :
_boptimize exploration and production with data driven models /
_cBy Keith R Holdaway.
250 _a1st ed.
260 _aNew Delhi :
_bWILEY ,
_c2014.
300 _axii, 364p. ;
_c25 cm.
650 _aData management
_949458
650 _aSeismic attribute analysis
_949459
650 _aDrilling and completion optimization
_949460
942 _2ddc
_cBK
_e1st
_k005.768 HOLK
999 _c194486
_d194486